The Soviet Union and the Muslim world, 1917-1956 / (Record no. 20409)

MARC details
000 -LEADER
fixed length control field 00780cam a2200241u 4500
001 - CONTROL NUMBER
control field 8410381
003 - CONTROL NUMBER IDENTIFIER
control field BDDh-ASL
005 - DATE AND TIME OF LATEST TRANSACTION
control field 20231015025902.0
008 - FIXED-LENGTH DATA ELEMENTS--GENERAL INFORMATION
fixed length control field 830419s1956 wauh 000 0 eng
010 ## - LIBRARY OF CONGRESS CONTROL NUMBER
LC control number 57059587
040 ## - CATALOGING SOURCE
Original cataloging agency DLC
Transcribing agency CarP
Modifying agency DLC
-- BDDh-ASL
043 ## - GEOGRAPHIC AREA CODE
Geographic area code e-ur---
050 00 - LIBRARY OF CONGRESS CALL NUMBER
Classification number DS63.2.R9
Item number S65 1956a
082 ## - DEWEY DECIMAL CLASSIFICATION NUMBER
Classification number 297.0947
Item number SPS
100 1# - MAIN ENTRY--PERSONAL NAME
Personal name Spector, Ivar,
Dates associated with a name 1898-
245 14 - TITLE STATEMENT
Title The Soviet Union and the Muslim world, 1917-1956 /
260 ## - PUBLICATION, DISTRIBUTION, ETC.
Place of publication, distribution, etc. [Seattle]
Name of publisher, distributor, etc. Distributed by University of Washington Press
Date of publication, distribution, etc. [c1956]
300 ## - PHYSICAL DESCRIPTION
Extent vii, 158 l.
Other physical details facsim.
Dimensions 28 cm.
651 #0 - SUBJECT ADDED ENTRY--GEOGRAPHIC NAME
Geographic name Soviet Union
General subdivision Foreign relations
Geographic subdivision Islamic countries.
651 #0 - SUBJECT ADDED ENTRY--GEOGRAPHIC NAME
Geographic name Islamic countries
General subdivision Politics and government.
906 ## - LOCAL DATA ELEMENT F, LDF (RLIN)
a 0
b cbc
c premunv
d u
e ncip
f 19
g y-gencatlg
942 ## - ADDED ENTRY ELEMENTS (KOHA)
Source of classification or shelving scheme Dewey Decimal Classification
Koha item type Books
Holdings
Withdrawn status Lost status Source of classification or shelving scheme Damaged status Not for loan Collection code Home library Current library Shelving location Date acquired Source of acquisition Total Checkouts Full call number Barcode Date last seen Copy number Price effective from Koha item type Public note
    Dewey Decimal Classification   Not For Loan Non-fiction Asiatic Society Library Asiatic Society Library General Stacks 01/09/2021 ASB Collection   297.0947 SPS 103850 01/09/2021 C-1 01/09/2021 Books RARE

Powered by Koha